Mit einem möcht' ich leben /

Bibliographic Details
Main Author: Schwaiger, Brigitte, 1949-2010
Format: Book
Language:German
Published: München : W. Heyne, [1987]
Edition:Originalausg., 2. Aufl.
Series:Heine Lyrik ; Nr. 29/58

MARC

Tag First Indicator Second Indicator Subfields
LEADER 00000cam a2200000 a 4500
001 in00000025049
005 20151007055713.0
008 880621s1988 gw 00010 ger d
020 |a 3453001265 
035 |a (OCoLC)18118110 
035 |9 AAB9024AM 
040 |a GZM  |c GZM  |d TXA  |d UtOrBLW 
049 |a TXAM  |c [A11074807] 
050 4 |a PT2680.W26  |b M5 1988 
100 1 |a Schwaiger, Brigitte,  |d 1949-2010. 
245 1 0 |a Mit einem möcht' ich leben /  |c Brigitte Schwaiger. 
250 |a Originalausg., 2. Aufl. 
264 1 |a München :  |b W. Heyne,  |c [1987] 
264 3 |c 1988 printing 
264 4 |c ©1987 
300 |a 100 pages ;  |c 18 cm. 
336 |a text  |b txt  |2 rdacontent 
337 |a unmediated  |b n  |2 rdamedia 
338 |a volume  |b nc  |2 rdacarrier 
490 0 |a Heine Lyrik ;  |v Nr. 29/58 
999 |a MARS 
999 f f |s 23b8c6e4-2314-3a6f-9b5e-bbf135d32766  |i 8518bcb0-c8eb-3046-a4f6-5967290c4a57  |t 0 
952 f f |p normal  |a Texas A&M University  |b College Station  |c Sterling C. Evans Library  |d Evans: Library Stacks  |t 0  |e PT2680.W26 M5 1988  |h Library of Congress classification  |i unmediated -- volume  |m A14811074807 
998 f f |a PT2680.W26 M5 1988  |t 0  |l Evans: Library Stacks